Guess the Countries by Emojis - Statistics

General Stats
  • This quiz has been taken 1,032 times
  • The average score is 12 of 20
Answer Stats
Hint Answer % Correct
UπŸŒƒπŸ€΄πŸ»DOM United Kingdom
84%
IπŸƒπŸ½β€β™€ Iran
80%
J🍳 Japan
79%
πŸ¦ƒ Turkey
77%
😺AR Qatar
75%
🍳AMA Panama
74%
πŸ§ŠπŸ›¬ Iceland
71%
πŸ…ΎπŸ§πŸΌβ€β™‚ Oman
71%
πŸ†•πŸŒŠπŸ›¬ New Zealand
70%
πŸ“·πŸŽ€DIA Cambodia
61%
πŸ…±πŸŒ§ Bahrain
60%
πŸ˜‘β›½πŸš— Madagascar
59%
πŸ””πŸ‡·πŸ‡Ί Belarus
57%
πŸ‘”πŸ›¬ Thailand
55%
UπŸ– Ukraine
54%
πŸ””πŸ€ΈπŸΌβ€β™€ Belgium
47%
EπŸͺ¨IA Estonia
46%
πŸ””πŸ§Š Belize
38%
πŸ’¬πŸšπŸš Seychelles
35%
πŸ§πŸ»β€β™‚ANA Guyana
19%
No matching quizzes found
Score Distribution
Percent of People with Each Score
Percentile by Number Answered
Your Score History
You have not taken this quiz